Govt. of
Madhya Pradesh

Puranic Encyclopaedia (Record no. 64947)

MARC details
000 -LEADER
fixed length control field 00266nam a2200109Ia 4500
008 - FIXED-LENGTH DATA ELEMENTS--GENERAL INFORMATION
fixed length control field 221009s9999 xx 000 0 und d
082 ## - DEWEY DECIMAL CLASSIFICATION NUMBER
Classification number 403
100 ## - MAIN ENTRY--PERSONAL NAME
Personal name Mani, Vettam
9 (RLIN) 5761
245 #0 - TITLE STATEMENT
Title Puranic Encyclopaedia
260 ## - PUBLICATION, DISTRIBUTION, ETC. (IMPRINT)
Name of publisher, distributor, etc. Motilal Banarsidas Publishers
942 ## - ADDED ENTRY ELEMENTS (KOHA)
Koha item type Books
Holdings
Withdrawn status Lost status Damaged status Not for loan Home library Current library Shelving location Date acquired Cost, normal purchase price Total Checkouts Barcode Date last seen Price effective from Koha item type
        MACL MACL General Stacks 11/10/2022 403.00   CRE035273 02/05/2024 11/10/2022 Books